000
00337nam a2200145Ia 4500
008
150201s2011 xx 000 0 und d
082
_a
614
_b
C11S
100
_a
SUNDERLAL
245
_a
TB. OF COMMUNITY MEDICINE
250
_a
3RD
260
_b
CBS
_a
DELHI
_c
2011
300
_a
1-756
650
_a
COMMUNITY MEDICINE
942
_2
ddc
_c
BK
_0
1
999
_c
1276
_d
1276